00501nam a22001697a 450000500170000001000170001702000260003403500170006003700220007708200110009910000170011024500510012726000480017827000590022630000270028550000190031220110801114628.0 aB-423718-719 a9788173053696c595.00 aB-423718-719 bAllied Publishers a954.16 aSmith, R.V.  aDelhi:bhistorical glimpses / cby R.V. Smith  aNew DelhibAryan Books International c2010 aPooja Apartments, 4B, Ansari Road, bNew Delhie110002 a1270pc25cm(Hb)bill.  aincludes index